| 000 | 01044cam a2200313 a 4500 | ||
|---|---|---|---|
| 999 |
_c523545 _d523545 |
||
| 001 | 1126976 | ||
| 003 | NUST | ||
| 005 | 20190424110209.0 | ||
| 008 | 941201s1995 nyua j 001 0 eng | ||
| 010 | _a 94045605 | ||
| 020 | _a0806908521 | ||
| 038 | _aArshad | ||
| 040 |
_aDLC _cDLC _dDLC |
||
| 042 | _alcac | ||
| 050 | 0 | 0 |
_aPN6163 _b.R55 1995 |
| 082 | 0 | 0 |
_a818.5402 _bRIS |
| 100 | 1 |
_aRissinger, Matt. _914156 |
|
| 245 | 1 | 0 |
_aBiggest joke book in the world / _cMatt Rissinger & Philip Yates ; illustrated by Jeff Sinclair. |
| 260 |
_aNew York : _bSterling Pub., _c1995. |
||
| 300 |
_a192 p. : _bill. ; _c22 cm. |
||
| 500 | _aIncludes index. | ||
| 650 | 0 |
_aWit and humor, Juvenile. _914157 |
|
| 650 | 1 |
_aJokes. _914158 |
|
| 700 | 1 |
_aYates, Philip, _d1956- _914159 |
|
| 700 | 1 |
_aSinclair, Jeff, _eill. _914160 |
|
| 906 |
_a7 _bcbc _corignew _d1 _eocip _f19 _gy-gencatlg |
||
| 942 |
_2ddc _cBK |
||